00863nam a2200229Ia 450000500170000000800390001702000180005604000810007404100080015506000110016310000200017424501220019426000410031630000180035749000330037550400530040865000300046165000170049165000270050870000320053576500660056720211110133259.0130821s2011 sp fr 1 spa a9788449325533 aCo-BoUCMbspacJose A. Gerena (modificó)dAldemar Mondragón (modificó)00aspa aBF 1001 aGardner, Howard13aLa nueva ciencia de la mente Historia de la revolución cognitivacHoward Gardner ; traducción de Leandro Wolfson aBarcelona (España)bPaidósc2011 a449 páginas aBiblioteca Howard Gardnerv4 aIncluye referencias bibliográficas e índices07aPsicología cognoscitiva07aPsicología07aPsicologíaxHistoria1 aWolfson, Leandroetraductor1 tThe mind's new science. A history of the cognitive revolution